000 00680nam a2200205Ii 4500
003 JO-AjNU
008 230605s9999||||xx |||||||||||||| ||und||
040 _aJO-AjNU
_bara
_erda
_cJO-AjNU
041 _aara
050 1 4 _aBP70.N39.1986
100 3 _aنوفل،تاج الدين,
_eauthor
_919071
245 0 0 _aحديقة الأولياء
250 _aط1
264 3 1 _aبيروت-القاهرة:دار ابن زيدون ، مكتبة الكليات التراث الاسلامي ،1986
300 _a222ص
336 _atext
_btxt
_2rdacontent
337 _aunmediated
_bn
_2rdamedia
338 _avolume
_bnc
_2rdacarrier
650 4 _aالاولياء الصالحين
_919072
999 _aA6217
_c9785
_d9785